000 00387nam a22001697a 4500
999 _c5062
_d5060
005 20210908131521.0
008 160701b xxu||||| |||| 00| 0 eng d
020 _a81-7022-363-6
041 _aeng
082 _b20353
100 _avarmas shashikant
_93386
245 _aWomen in agriculture
260 _bconcept
_c2001
300 _a187
650 _aAgriculture
_92837
942 _cBK